00685nam a2200205Ia 450000500170000000800410001702000180005804100080007608200150008410000210009924500550012026000410017530000090021650000280022565000360025370000210028994200070031099900170031795201450033420251120161908.0230125s9999 xx 000 0 und d a81-7992-327-4 aeng a158.1bSHA aSharma R9214902 aDiscover your Destiny : 7 Stages of Self Awakening c2004bJaico Publishing HouseaMumbai a215p aPersonality Development aPersonality Development9213420 aSharma R9214902 cBK c91661d91661 00104070aHIMRbHIMRd2012-03-26eSatya Gilanil1o158.1 SHA DB1737pHIMR-DB-1737r2024-08-20 00:00:00s2024-08-13w2012-03-22yDBzDB1737